MARC

LEADER 00000nam0a2200000 4500
001 296880
005 20231102000942.0
020 |a RU  |b 83-56270 
035 |a (RuTPU)RU\TPU\book\321990 
090 |a 296880 
100 |a 20150603d1983 m y0rusy5003 ca 
101 0 |a rus 
102 |a RU 
105 |a a j 001zy 
200 1 |a Контроль параметров точности зубчатых передач  |e учебное пособие для зкурсов повышения квалификации ИТР  |f Б. А. Тайц, М. Б. Шабалина  |g Научно-техническое общество машиностроительной промышленности (НТО Машпром), Центральное правление 
210 |a Москва  |c Машиностроение  |d 1983 
215 |a 40 с.  |c ил.  |d 22 см 
225 1 |a Университет технического прогресса в машиностроении 
320 |a Библиогр.: с. 39 
606 1 |a Зубчатые передачи  |x Точность  |2 stltpush  |3 (RuTPU)RU\TPU\subj\12111  |9 38959 
610 1 |a технический контроль 
610 1 |a зубчатые колеса 
610 1 |a параметры 
610 1 |a методы 
610 1 |a средства 
610 1 |a приемочный контроль 
610 1 |a рекомендации 
610 1 |a учебные пособия 
675 |a 621.833(075.9)  |z rus  |v 4 
700 1 |a Тайц  |b Б. А.  |g Борис Аркадьевич  |4 070 
701 1 |a Шабалина  |b М. Б.  |g Марина Борисовна  |4 070 
712 0 2 |a Научно-техническое общество машиностроительной промышленности (НТО Машпром)  |b Центральное правление  |f (1955-1985)  |2 stltpush  |3 (RuTPU)RU\TPU\col\21679 
801 0 |a RU  |b RuMRKP  |c 19950704  |g psbo 
801 1 |a RU  |b 63413507  |c 20150603 
801 2 |a RU  |b 63413507  |c 20181106  |g RCR 
942 |c BK